000 00911nam a2200289 i 4500
001 bg
003 BPK
005 20190918085015.0
008 010622s2001 pl a f f |000 0 pol
015 _aPB 2001/10475
020 _a83011344178
040 _aWA N
_cBPK
041 0 _apol
080 _a624.131
080 _a(07)
100 1 _aMyślińska, Elżbieta
_d(1935- ).
_eAutor
245 1 0 _aGrunty organiczne i laboratoryjne metody ich badania /
_cElżbieta Myślińska.
260 _aWarszawa :
_bWydaw. Naukowe PWN,
_c2001.
300 _a208 s. :
_bil. ;
_c24 cm.
504 _aBibliogr.
650 4 _aGrunt
_xbadanie.
650 4 _aGeologia inżynierska
650 4 _aMechanika gruntów
710 2 _aWydawnictwo Naukowe PWN
_4pbl.
856 _uhttp://koha.tu.koszalin.pl/cgi-bin/koha/opac-detail.pl?biblionumber=39724
_yKatalog online BPK
942 _2UKD
_cKS
999 _c39724
_d39724